Определение селена инверсионно-вольтамперометрическими методами: автореферат диссертации на соискание ученой степени кандидата химических наук; спец. 02.00.02

Detalles Bibliográficos
Autor principal: Антонова С. Г. Светлана Геннадьевна
Autor Corporativo: Национальный исследовательский Томский политехнический университет (ТПУ)
Otros Autores: Колпакова Н. А. Нина Александровна (научный руководитель)
Sumario:Заглавие с титульного экрана
Электронная версия печатной публикации
Lenguaje:ruso
Publicado: Томск, 2010
Materias:
Acceso en línea:http://www.lib.tpu.ru/fulltext/a/2010/39.pdf
Formato: MixedMaterials Electrónico Libro
KOHA link:https://koha.lib.tpu.ru/cgi-bin/koha/opac-detail.pl?biblionumber=187065

MARC

LEADER 00000nlm0a2200000 4500
001 187065
005 20231101224034.0
035 |a (RuTPU)RU\TPU\book\202982 
090 |a 187065 
100 |a 20101110d2010 k y0rusy50 ca 
101 0 |a rus 
102 |a RU 
105 |a a dm 001zy 
135 |a drbn ---uucaa 
181 0 |a i  
182 0 |a b 
200 1 |a Определение селена инверсионно-вольтамперометрическими методами  |b Электронный ресурс  |e автореферат диссертации на соискание ученой степени кандидата химических наук   |e спец. 02.00.02  |f С. Г. Антонова  |g Национальный исследовательский Томский политехнический университет (ТПУ) ; науч. рук. Н. А. Колпакова 
203 |a Текст  |c электронный 
210 |a Томск  |d 2010 
215 |a 1 файл (1.3 Mb) 
230 |a Электронные текстовые данные (1 файл : 1.3 Mb) 
300 |a Заглавие с титульного экрана 
300 |a Электронная версия печатной публикации 
337 |a Adobe Reader 
452 1 |0 (RuTPU)RU\TPU\book\205171  |t Определение селена инверсионно- вольтамперометрическими методами  |o автореферат диссертации на соискание ученой степени кандидата химических наук  |o спец. 02.00.02  |f С. Г. Антонова  |g Национальный исследовательский Томский политехнический университет (ТПУ) ; науч. рук. Н. А. Колпакова  |c Томск  |d 2010  |p 22 с.  |a Антонова, Светлана Геннадьевна 
606 1 |a Селен  |x Определение  |2 stltpush  |3 (RuTPU)RU\TPU\subj\74990  |9 86893 
606 1 |a Вольтамперометрия инверсионная  |2 stltpush  |3 (RuTPU)RU\TPU\subj\72717  |9 86121 
610 1 |a авторефераты диссертаций 
610 1 |a электронный ресурс 
610 1 |a труды учёных ТПУ 
610 1 |a электроконцентрирование 
610 1 |a инверсионный вольтамперометрический метод 
610 1 |a фоновые электролиты 
610 1 |a различные объекты 
675 |a 546.23(04)  |v 3 
675 |a 543.552(04)  |v 3 
686 |a 02.00.02  |2 oksvnk 
700 1 |a Антонова  |b С. Г.  |c российский химик  |c инженер-проектировщик Томского политехнического университета, аспирант  |f 1984-  |g Светлана Геннадьевна  |2 stltpush  |3 (RuTPU)RU\TPU\pers\25850 
702 1 |a Колпакова  |b Н. А.  |c девичья фамилия Полукарова  |c российский химик  |c профессор Томского политехнического университета  |c Почетный химик России (1996 г.)  |f 1942-  |g Нина Александровна  |2 stltpush  |3 (RuTPU)RU\TPU\pers\21963  |4 727 
712 0 2 |a Национальный исследовательский Томский политехнический университет (ТПУ)  |c (2009- )  |2 stltpush  |3 (RuTPU)RU\TPU\col\15902 
801 2 |a RU  |b 63413507  |c 20160125  |g RCR 
856 4 |u http://www.lib.tpu.ru/fulltext/a/2010/39.pdf 
942 |c CF